=LDR 00000nam 2200000 4500 =001 INLIS000000000021003 =005 20130612115914 =008 ***********************************Ind** =035 ##$$0010-061300000021003 =041 ##$$a Ind =082 ##$$a 574 =090 ##$$a 574, Luc i =100 ##$$a Lucia, Evie Azhfizar =245 ##$$a IPA makhluk hidup untuk siswa dan guru SD, Evie Azhfisar Lucia =260 ##$$a 1996 $b Jakarta =300 ##$$a viii, 84 hlm, 24 cm =650 ##$$a Biologi =850 ##$$a NBPNMAT